Statistiken für Formen und Symbole

Klicken Sie hier um das Quiz zu spielen!

Allgemein

  • Dieses Quiz wurde 1,227 mal gespielt
  • Das Durchschnittsergebnis liegt bei 14 aus 20

Antwortstatistiken

Answer % Korrekt
Herz
99%
Venussymbol
92%
Sechseck
90%
Pi
90%
Hufeisen
90%
Achteck
90%
Ahornblatt
89%
Unendlichkeit
88%
Totenkopf mit Knochen
87%
Ichthys (Fisch)
84%
Trapez
80%
Halbmond
78%
Radioaktivität
74%
Hammer und Sichel
74%
Davidstern
67%
Yin und Yang
47%
Fleur-de-Lis
44%
{Dodeka}eder
22%
Anch
18%
Hermesstab
11%

Verteilung der Resultate

Perzentil nach korrekt beantworteten Fragen

Anzahl Personen mit jedem Resultat

Ihre Resultats-Entwicklung

Sie haben dieses Quiz noch nicht gespielt